[Event "CYCC U12 w"]
[Site "Quebec CAN"]
[Date "2008.07.14"]
[Round "1"]
[White "Hou, Louisa Qianqian"]
[Black "Kieu, Audree Anne"]
[Result "0-1"]
[WhiteElo "1331"]
[BlackElo "1258"]
[PlyCount "86"]
[GameId "2160767910354114"]
[EventDate "2008.07.14"]
[EventType "swiss"]
[EventRounds "6"]
[EventCountry "CAN"]

1. d4 d5 2. Nf3 Nc6 3. c4 Nf6 4. Bg5 h6 5. Bxf6 exf6 6. Nc3 dxc4 7. e3 Be6 8. g3 Bd5 9. e4 Qe7 10. Nxd5 Qxe4+ 11. Qe2 Qxe2+ 12. Bxe2 O-O-O 13. Bxc4 Na5 14. b3 b5 15. Bxb5 Rxd5 16. a4 Nxb3 17. Bc6 Rd6 18. Rb1 Rxc6 19. O-O Rc3 20. Rfe1 Rxf3 21. Re8+ Kd7 22. Rb8 Nd2 23. Re1 Rb3 24. Rxb3 Nxb3 25. d5 Bb4 26. Rb1 Kd6 27. Rxb3 Bc5 28. Rd3 Rb8 29. Kg2 Rb4 30. f4 Rxa4 31. Rb3 Ra1 32. Rb8 a5 33. Kf3 a4 34. Ra8 a3 35. Ke2 Ra2+ 36. Kd3 Rb2 37. Kc4 g5 38. Ra6+ Bb6 39. Rxa3 Rxh2 40. Rf3 Rc2+ 41. Kd3 Rf2 42. Ke4 Rxf3 43. Kxf3 Kxd5 0-1

[Event "CYCC U12 w"]
[Site "Quebec CAN"]
[Date "2008.07.14"]
[Round "1"]
[White "Kalaydina, Regina Veronicka"]
[Black "Xu, Grace"]
[Result "1-0"]
[WhiteElo "1509"]
[BlackElo "1202"]
[PlyCount "141"]
[GameId "2160767910354116"]
[EventDate "2008.07.14"]
[EventType "swiss"]
[EventRounds "6"]
[EventCountry "CAN"]
[SourceTitle "EXT 2011"]
[Source "ChessBase"]
[SourceDate "2011.11.26"]
[SourceVersion "1"]
[SourceVersionDate "2011.11.26"]
[SourceQuality "1"]

1. e4 e6 2. d4 d5 3. exd5 exd5 4. Nf3 Nf6 5. Bg5 Be7 6. Bd3 h6 7. Bh4 Nc6 8. c3 Ne4 9. Bxe7 Qxe7 10. O-O O-O 11. Re1 Bf5 12. Nfd2 Rfe8 13. Nxe4 dxe4 14. f3 Qh4 15. g3 Qh3 16. fxe4 Bg4 17. Qc2 f5 18. Bf1 Qh5 19. Nd2 fxe4 20. Nxe4 Bf5 21. Qb3+ Kh8 22. Nf2 Rxe1 23. Rxe1 b6 24. Bg2 Re8 25. Rxe8+ Qxe8 26. Qd5 Qe1+ 27. Bf1 Ne7 28. Qd8+ Kh7 29. Qxc7 Nd5 30. Qxa7 Ne3 31. Qa6 Bc8 32. Qe2 Qc1 33. Nd3 Qxf1+ 34. Qxf1 Nxf1 35. Kxf1 Ba6 36. Ke2 g5 37. Ke3 Kg6 38. Ne5+ Kf6 39. Nd7+ Kf5 40. Nxb6 h5 41. d5 Ke5 42. c4 Bb7 43. c5 g4 44. c6 Ba6 45. c7 Kd6 46. c8=Q Bxc8 47. Nxc8+ Kxd5 48. Kf4 Kc4 49. Kg5 Kd3 50. a4 Kc4 51. b3+ Kxb3 52. a5 Kb4 53. a6 Kb5 54. a7 Kc5 55. a8=Q Kd4 56. Qa5 Ke3 57. Qd5 h4 58. gxh4 Kf2 59. Qd3 Kg2 60. Kf4 g3 61. Qf3+ Kxh2 62. Qxg3+ Kh1 63. Qe3 Kg2 64. h5 Kh2 65. h6 Kg2 66. h7 Kh2 67. h8=R+ Kg2 68. Qg3+ Kf1 69. Qa3 Kg2 70. Qa2+ Kf1 71. Rh1# 1-0

[Event "CYCC U12 w"]
[Site "Quebec CAN"]
[Date "2008.07.14"]
[Round "1"]
[White "Mongenais, Valerie"]
[Black "Jodoin, Gabrielle"]
[Result "1-0"]
[WhiteElo "1282"]
[BlackElo "1070"]
[PlyCount "85"]
[GameId "2160767910354117"]
[EventDate "2008.07.14"]
[EventType "swiss"]
[EventRounds "6"]
[EventCountry "CAN"]
[SourceTitle "EXT 2011"]
[Source "ChessBase"]
[SourceDate "2011.11.26"]
[SourceVersion "1"]
[SourceVersionDate "2011.11.26"]
[SourceQuality "1"]

1. e4 e5 2. Nf3 Nc6 3. Bc4 Bc5 4. c3 Nf6 5. d4 exd4 6. cxd4 Bb4+ 7. Nc3 Nxe4 8. O-O Bxc3 9. bxc3 O-O 10. Ba3 Re8 11. Qb3 Nd6 12. Bxd6 cxd6 13. Bxf7+ Kh8 14. Bxe8 Qxe8 15. Ng5 Qg6 16. Nf7+ Kg8 17. Ne5+ Qe6 18. Qxe6+ dxe6 19. Nxc6 bxc6 20. Rfe1 Rb8 21. Rab1 Rb6 22. Rxb6 axb6 23. Rb1 b5 24. c4 bxc4 25. Rb8 c3 26. Rxc8+ Kf7 27. Rxc6 e5 28. dxe5 dxe5 29. Rxc3 Kf6 30. a4 Ke6 31. a5 e4 32. a6 Kd5 33. a7 Kd4 34. Ra3 Ke5 35. a8=Q g5 36. f3 exf3 37. Qxf3 Kd4 38. Qg4+ Kc5 39. Ra5+ Kb6 40. Rxg5 Kc6 41. Qe6+ Kc7 42. Rg7+ Kd8 43. Qg8# 1-0

[Event "CYCC U12 w"]
[Site "Quebec CAN"]
[Date "2008.07.14"]
[Round "1"]
[White "Powell, Ashley"]
[Black "Giblon, Rebecca"]
[Result "0-1"]
[WhiteElo "1234"]
[BlackElo "1520"]
[PlyCount "68"]
[GameId "2160767910354118"]
[EventDate "2008.07.14"]
[EventType "swiss"]
[EventRounds "6"]
[EventCountry "CAN"]
[SourceTitle "EXT 2011"]
[Source "ChessBase"]
[SourceDate "2011.11.26"]
[SourceVersion "1"]
[SourceVersionDate "2011.11.26"]
[SourceQuality "1"]

1. e4 e5 2. Nf3 Nc6 3. Bc4 Bc5 4. c3 Nf6 5. d4 exd4 6. cxd4 Bb4+ 7. Nc3 Nxe4 8. O-O Bxc3 9. d5 O-O 10. bxc3 Ne7 11. Re1 Nd6 12. Bg5 f6 13. Qd3 fxg5 14. Nxg5 Ng6 15. Ne4 Nxc4 16. Qxc4 d6 17. Qd4 Ne5 18. Ng3 Qf6 19. Nh5 Qf7 20. Nf4 Qxf4 21. Qxf4 Rxf4 22. g3 Rf7 23. f4 Nf3+ 24. Kf2 Nxe1 25. Rxe1 Bg4 26. Kg1 Kf8 27. Rf1 Re8 28. Rb1 b6 29. Kg2 Re2+ 30. Kg1 Rxa2 31. Rb4 Re7 32. Rb1 Ree2 33. Kf1 Rxh2 34. Ke1 Rh1# 0-1

[Event "CYCC U12 w"]
[Site "Quebec CAN"]
[Date "2008.07.14"]
[Round "1"]
[White "Sanders, Jasmine"]
[Black "Wang, Yan"]
[Result "0-1"]
[WhiteElo "1160"]
[BlackElo "1587"]
[PlyCount "90"]
[GameId "2160767910354119"]
[EventDate "2008.07.14"]
[EventType "swiss"]
[EventRounds "6"]
[EventCountry "CAN"]
[SourceTitle "EXT 2011"]
[Source "ChessBase"]
[SourceDate "2011.11.26"]
[SourceVersion "1"]
[SourceVersionDate "2011.11.26"]
[SourceQuality "1"]

1. e4 c5 2. Nc3 Nc6 3. Nf3 d6 4. Bb5 Bd7 5. O-O Nf6 6. d3 g6 7. Bg5 Bg7 8. d4 cxd4 9. Nxd4 O-O 10. Nxc6 bxc6 11. Bc4 Rb8 12. Rb1 Qa5 13. Bd2 Qc7 14. Bf4 Nh5 15. Bd2 Kh8 16. b3 Bc8 17. Re1 Qb6 18. Na4 Qc7 19. Bc3 Nf6 20. e5 Ng4 21. Be2 Nxe5 22. Bc4 Kg8 23. Bxe5 Bxe5 24. Qe2 Bb7 25. Qe3 Ba8 26. Qh6 Bg7 27. Qh4 e6 28. Re3 Qd8 29. Qg3 c5 30. Rd3 Be5 31. Qh3 Qc7 32. Qh6 Bg7 33. Qh3 d5 34. Bxd5 exd5 35. Qh4 Rfe8 36. Nc3 Qe5 37. f3 d4 38. Na4 Bc6 39. Rf1 Bb5 40. c4 dxc3 41. Rxc3 Qd4+ 42. Qf2 Qxf2+ 43. Kxf2 Bd4+ 44. Kg3 Bxc3 45. Nxc3 Bxf1 0-1

[Event "CYCC U12 w"]
[Site "Quebec CAN"]
[Date "2008.07.14"]
[Round "2"]
[White "Giblon, Rebecca"]
[Black "Mongenais, Valerie"]
[Result "1-0"]
[WhiteElo "1520"]
[BlackElo "1282"]
[PlyCount "59"]
[GameId "2160767910354120"]
[EventDate "2008.07.14"]
[EventType "swiss"]
[EventRounds "6"]
[EventCountry "CAN"]
[SourceTitle "EXT 2011"]
[Source "ChessBase"]
[SourceDate "2011.11.26"]
[SourceVersion "1"]
[SourceVersionDate "2011.11.26"]
[SourceQuality "1"]

1. e4 e5 2. Nf3 Nc6 3. d4 exd4 4. Nxd4 Nf6 5. Nc3 Bb4 6. Nxc6 bxc6 7. Bd3 d5 8. exd5 cxd5 9. O-O O-O 10. Bg5 h6 11. Bh4 Qd6 12. Bxf6 Qxf6 13. Nxd5 Qxb2 14. Rb1 Qxa2 15. Rxb4 Qxd5 16. Bh7+ Kxh7 17. Qxd5 Be6 18. Qd3+ g6 19. f4 Rad8 20. Qc3 Rfe8 21. Qxc7 Rb8 22. Qc3 a5 23. Re4 Rb7 24. Qxa5 Rc8 25. c3 Bc4 26. Rfe1 h5 27. f5 g5 28. f6 Be6 29. Qxg5 Rg8 30. Qxh5# 1-0

[Event "CYCC U12 w"]
[Site "Quebec CAN"]
[Date "2008.07.14"]
[Round "2"]
[White "Kieu, Audree Anne"]
[Black "Ding, Jill"]
[Result "0-1"]
[WhiteElo "1258"]
[BlackElo "991"]
[PlyCount "62"]
[GameId "2160767910354121"]
[EventDate "2008.07.14"]
[EventType "swiss"]
[EventRounds "6"]
[EventCountry "CAN"]
[SourceTitle "EXT 2011"]
[Source "ChessBase"]
[SourceDate "2011.11.26"]
[SourceVersion "1"]
[SourceVersionDate "2011.11.26"]
[SourceQuality "1"]

1. e4 e6 2. Nf3 d5 3. exd5 exd5 4. d4 Bd6 5. Nc3 Ne7 6. Bd3 Bg4 7. h3 Bh5 8. O-O Nbc6 9. Re1 Qd7 10. g4 Bxg4 11. hxg4 Qxg4+ 12. Kf1 O-O-O 13. Ne5 Qh3+ 14. Kg1 Nxe5 15. dxe5 Bc5 16. Be3 d4 17. Ne4 dxe3 18. Nxc5 Nf5 19. Ne4 exf2+ 20. Nxf2 Qg3+ 21. Kf1 Ne3+ 22. Ke2 Rhe8 23. Qc1 Rxe5 24. Ne4 Qg2+ 25. Kxe3 f5 26. Rg1 Qh2 27. Rh1 Qg3+ 28. Ke2 fxe4 29. Bc4 Qf3+ 30. Ke1 Qxh1+ 31. Bf1 e3 0-1

[Event "CYCC U12 w"]
[Site "Quebec CAN"]
[Date "2008.07.14"]
[Round "2"]
[White "Sanders, Jasmine"]
[Black "Powell, Ashley"]
[Result "0-1"]
[WhiteElo "1160"]
[BlackElo "1234"]
[PlyCount "90"]
[GameId "2160767910354122"]
[EventDate "2008.07.14"]
[EventType "swiss"]
[EventRounds "6"]
[EventCountry "CAN"]
[SourceTitle "EXT 2011"]
[Source "ChessBase"]
[SourceDate "2011.11.26"]
[SourceVersion "1"]
[SourceVersionDate "2011.11.26"]
[SourceQuality "1"]

1. e4 e5 2. Nf3 Nc6 3. Nc3 Nf6 4. Bc4 Nxe4 5. Nxe4 d5 6. Bxd5 Qxd5 7. Nc3 Qd8 8. O-O Bg4 9. d3 Bb4 10. Qe2 Qf6 11. Qe4 Bxc3 12. bxc3 Bf5 13. Qe3 O-O 14. Rb1 Rab8 15. Ba3 Rfe8 16. c4 Qg6 17. Nh4 Qf6 18. Nxf5 Qxf5 19. Qg3 Nd4 20. Qe3 Nxc2 21. Qxa7 Ra8 22. Qxb7 Rxa3 23. Qb5 Rf8 24. Rb2 Nd4 25. Qc5 Rxd3 26. a4 Ra8 27. Qxc7 h6 28. Ra2 Rc8 29. Qb7 Rxc4 30. a5 Qc8 31. Qb1 Rdc3 32. Ra1 Nb3 33. h3 Nxa1 34. Qxa1 Qa6 35. Rd1 Rc5 36. Qb1 Qxa5 37. Kh1 Rb5 38. Qf5 g6 39. Qf6 Rc8 40. Rd7 Rb1+ 41. Kh2 Rf8 42. h4 Rbb8 43. h5 Qb6 44. Qh4 g5 45. Qg4 Qxf2 0-1

[Event "CYCC U12 w"]
[Site "Quebec CAN"]
[Date "2008.07.14"]
[Round "2"]
[White "Wang, Yan"]
[Black "Kalaydina, Regina Veronicka"]
[Result "0-1"]
[WhiteElo "1587"]
[BlackElo "1509"]
[PlyCount "152"]
[GameId "2160767910354123"]
[EventDate "2008.07.14"]
[EventType "swiss"]
[EventRounds "6"]
[EventCountry "CAN"]
[SourceTitle "EXT 2011"]
[Source "ChessBase"]
[SourceDate "2011.11.26"]
[SourceVersion "1"]
[SourceVersionDate "2011.11.26"]
[SourceQuality "1"]

1. e4 d5 2. exd5 Qxd5 3. Nc3 Qa5 4. Nf3 Nf6 5. d3 Bg4 6. h3 Bh5 7. Bd2 Qb6 8. Bc1 e6 9. Be2 Be7 10. Rb1 c6 11. Be3 Qc7 12. Qd2 Nbd7 13. Bf4 Bd6 14. Bxd6 Qxd6 15. O-O O-O 16. Ng5 Bxe2 17. Qxe2 Rfe8 18. a3 Rad8 19. Rbd1 Qb8 20. Rd2 Nd5 21. Nce4 N7f6 22. Rfd1 e5 23. g3 h6 24. Nf3 Nd7 25. c4 N5f6 26. Nh2 Qc7 27. Ng4 Nxg4 28. Qxg4 c5 29. b4 b6 30. b5 Re6 31. Qf5 Nf6 32. Qf3 Qd7 33. Qe3 Qd4 34. Qxd4 Rxd4 35. Nc3 Red6 36. Ne2 Ne4 37. Nxd4 Nxd2 38. Nf5 Rxd3 39. Kg2 e4 40. Ne3 Nb3 41. Rxd3 exd3 42. Kf1 Nd2+ 43. Ke1 Ne4 44. Nd1 Kf8 45. Nb2 d2+ 46. Ke2 Ke7 47. g4 Ke6 48. f3 Ng5 49. h4 Nh7 50. Kxd2 g5 51. h5 Nf6 52. Ke3 Nd7 53. Nd3 Ne5 54. Nb2 f5 55. gxf5+ Kxf5 56. a4 g4 57. f4 Nf3 58. Nd3 Kf6 59. Ke2 Ke6 60. Kf2 Kf6 61. Ke2 Nd4+ 62. Kf2 Kf5 63. Kg2 Ke4 64. Ne5 Kxf4 65. Nc6 g3 66. Nxa7 Kg4 67. a5 Ne2 68. axb6 Nf4+ 69. Kg1 Kf3 70. b7 Ne2+ 71. Kf1 g2+ 72. Ke1 g1=Q+ 73. Kd2 Qe3+ 74. Kc2 Qc3+ 75. Kb1 Qb3+ 76. Ka1 Nc3 0-1

[Event "CYCC U12 w"]
[Site "Quebec CAN"]
[Date "2008.07.14"]
[Round "2"]
[White "Xu, Grace"]
[Black "Hou, Louisa Qianqian"]
[Result "1/2-1/2"]
[WhiteElo "1202"]
[BlackElo "1331"]
[PlyCount "63"]
[GameId "2160767910354124"]
[EventDate "2008.07.14"]
[EventType "swiss"]
[EventRounds "6"]
[EventCountry "CAN"]

1. d4 Nf6 2. c4 g6 3. Nc3 Bg7 4. Bg5 O-O 5. Nf3 d6 6. Bxf6 Bxf6 7. e4 e5 8. dxe5 dxe5 9. Be2 Nc6 10. O-O Qxd1 11. Raxd1 Nd4 12. Rd2 Rd8 13. Rfd1 c5 14. Nd5 Bg7 15. Nxd4 exd4 16. a3 b6 17. b4 Be6 18. Bf3 Bxd5 19. exd5 a6 20. Re1 Rdc8 21. Rb2 b5 22. cxb5 d3 23. Rd2 axb5 24. Rxd3 cxb4 25. axb4 Ra2 26. Rb1 Rac2 27. h3 R8c3 28. Rbd1 Bf8 29. R3d2 Rc4 30. Be2 Bxb4 31. Bxc4 Bxd2 32. Bxb5 1/2-1/2

[Event "CYCC U12 w"]
[Site "Quebec CAN"]
[Date "2008.07.15"]
[Round "3"]
[White "Ding, Jill"]
[Black "Wang, Yan"]
[Result "0-1"]
[WhiteElo "991"]
[BlackElo "1587"]
[PlyCount "66"]
[GameId "2160767910354126"]
[EventDate "2008.07.14"]
[EventType "swiss"]
[EventRounds "6"]
[EventCountry "CAN"]
[SourceTitle "EXT 2011"]
[Source "ChessBase"]
[SourceDate "2011.11.26"]
[SourceVersion "1"]
[SourceVersionDate "2011.11.26"]
[SourceQuality "1"]

1. e4 c5 2. b3 e6 3. Bb2 Nc6 4. Bb5 a6 5. Bxc6 bxc6 6. f4 d5 7. d3 Qc7 8. Ne2 Qd8 9. O-O Nf6 10. Nd2 g6 11. Qe1 h5 12. Qh4 Be7 13. Qf2 Rh7 14. Ng3 h4 15. Ne2 Bd7 16. c4 d4 17. h3 Nh5 18. Nf3 Bf6 19. Ba3 Qa5 20. Bc1 Ng7 21. Ng5 Rh8 22. e5 Bxg5 23. fxg5 Nf5 24. g4 hxg3 25. Nxg3 Rxh3 26. Ne4 O-O-O 27. Bd2 Qb6 28. Nd6+ Nxd6 29. exd6 Rf8 30. Qf6 Qd8 31. Qe5 Rxd3 32. Qxc5 Rxd2 33. Qa7 Qxg5+ 0-1

[Event "CYCC U12 w"]
[Site "Quebec CAN"]
[Date "2008.07.15"]
[Round "3"]
[White "Jodoin, Gabrielle"]
[Black "Hou, Louisa Qianqian"]
[Result "0-1"]
[WhiteElo "1070"]
[BlackElo "1331"]
[PlyCount "68"]
[GameId "2160767910354127"]
[EventDate "2008.07.14"]
[EventType "swiss"]
[EventRounds "6"]
[EventCountry "CAN"]

1. e4 c5 2. Nf3 d6 3. d4 cxd4 4. Nxd4 Nf6 5. Nc3 g6 6. Be3 Bg7 7. Qd2 Nc6 8. O-O-O O-O 9. Be2 Ng4 10. Bxg4 Bxg4 11. f3 Bd7 12. f4 Na5 13. f5 Nc4 14. Qe2 Nxe3 15. Qxe3 Rc8 16. g4 e6 17. Rhf1 Qh4 18. h3 Bh6 19. Qxh6 Qxh6+ 20. Kb1 exf5 21. gxf5 Qxh3 22. Rf3 Qh2 23. a3 Rfe8 24. Re1 d5 25. Re2 Qg1+ 26. Ka2 Qxd4 27. Rh3 dxe4 28. Rh4 Rxc3 29. bxc3 Qc4+ 30. Ka1 Qxe2 31. fxg6 fxg6 32. Rh1 Qxc2 33. c4 Be6 34. c5 Qa2# 0-1

[Event "CYCC U12 w"]
[Site "Quebec CAN"]
[Date "2008.07.15"]
[Round "3"]
[White "Kalaydina, Regina Veronicka"]
[Black "Giblon, Rebecca"]
[Result "1-0"]
[WhiteElo "1509"]
[BlackElo "1520"]
[PlyCount "75"]
[GameId "2160767910354129"]
[EventDate "2008.07.14"]
[EventType "swiss"]
[EventRounds "6"]
[EventCountry "CAN"]
[SourceTitle "EXT 2011"]
[Source "ChessBase"]
[SourceDate "2011.11.26"]
[SourceVersion "1"]
[SourceVersionDate "2011.11.26"]
[SourceQuality "1"]

1. e4 e5 2. Nf3 Nc6 3. Bc4 Bc5 4. c3 Nf6 5. d3 d6 6. a4 a6 7. Be3 O-O 8. Bxc5 dxc5 9. O-O Bg4 10. Qe2 Qd6 11. Bb3 Rad8 12. Bc2 Ne7 13. Nbd2 Ng6 14. Nc4 Bxf3 15. Qxf3 Qd7 16. Rad1 b5 17. axb5 axb5 18. Ne3 Nf4 19. d4 cxd4 20. cxd4 Ng6 21. dxe5 Nxe5 22. Qg3 Qe6 23. Nf5 Ng6 24. Nd4 Qb6 25. Nf5 Nh5 26. Qg5 Rxd1 27. Rxd1 Nhf4 28. Bb3 h6 29. Qg4 c5 30. g3 h5 31. Qf3 Nh3+ 32. Kg2 Ng5 33. Qe3 Nh7 34. Rd6 Qb7 35. Rxg6 Nf6 36. Rxg7+ Kh8 37. Qh6+ Nh7 38. Qxh7# 1-0

[Event "CYCC U12 w"]
[Site "Quebec CAN"]
[Date "2008.07.15"]
[Round "3"]
[White "Mongenais, Valerie"]
[Black "Kieu, Audree Anne"]
[Result "0-1"]
[WhiteElo "1282"]
[BlackElo "1258"]
[PlyCount "108"]
[GameId "2160767910354130"]
[EventDate "2008.07.14"]
[EventType "swiss"]
[EventRounds "6"]
[EventCountry "CAN"]
[SourceTitle "EXT 2011"]
[Source "ChessBase"]
[SourceDate "2011.11.26"]
[SourceVersion "1"]
[SourceVersionDate "2011.11.26"]
[SourceQuality "1"]

1. e4 e5 2. Nf3 Nc6 3. Bc4 Nf6 4. d4 exd4 5. e5 Ne4 6. Nxd4 Nxe5 7. Qe2 Nxc4 8. Qxe4+ Qe7 9. Nc3 Qxe4+ 10. Nxe4 d5 11. Nc3 c6 12. O-O Bc5 13. Re1+ Kd8 14. Nf3 Bf5 15. b3 Na3 16. Bg5+ f6 17. Rad1 Nxc2 18. Re2 fxg5 19. Nxd5 Bxf2+ 20. Kxf2 cxd5 21. Rxd5+ Bd7 22. Ne5 Rf8+ 23. Kg1 Nb4 24. Rxd7+ Kc8 25. Rd4 Nc6 26. Rc2 Rf6 27. b4 Re6 28. Nf7 Kb8 29. b5 Nxd4 30. Rc4 Nxb5 31. Nxg5 Rc6 32. Re4 a5 33. Re8+ Ka7 34. Re5 Ka6 35. a4 Nc3 36. Nxh7 Nxa4 37. Ng5 Rf8 38. Nf3 b5 39. h4 b4 40. Nd2 Rc2 41. Nb3 Rc3 42. Nxa5 Rc5 43. Re4 Kxa5 44. Re3 Rc3 45. Re5+ Nc5 46. Re1 b3 47. Ra1+ Na4 48. Rb1 b2 49. Kh2 Rc1 50. Rxc1 bxc1=Q 51. h5 Qf4+ 52. g3 Qf2+ 53. Kh3 Rf3 54. Kh4 Qxg3# 0-1

[Event "CYCC U12 w"]
[Site "Quebec CAN"]
[Date "2008.07.15"]
[Round "3"]
[White "Powell, Ashley"]
[Black "Xu, Grace"]
[Result "1-0"]
[WhiteElo "1234"]
[BlackElo "1202"]
[PlyCount "105"]
[GameId "2160767910354131"]
[EventDate "2008.07.14"]
[EventType "swiss"]
[EventRounds "6"]
[EventCountry "CAN"]
[SourceTitle "EXT 2011"]
[Source "ChessBase"]
[SourceDate "2011.11.26"]
[SourceVersion "1"]
[SourceVersionDate "2011.11.26"]
[SourceQuality "1"]

1. e4 e6 2. d4 d5 3. Nc3 Nc6 4. Nf3 Bb4 5. Bd2 Bxc3 6. Bxc3 dxe4 7. d5 Nf6 8. dxc6 Qxd1+ 9. Rxd1 exf3 10. Bb5 b6 11. gxf3 a6 12. Bc4 b5 13. Be2 Rg8 14. Rg1 Kf8 15. Rd8+ Ke7 16. Rxg8 Nxg8 17. Rxg7 Nf6 18. Bb4+ Ke8 19. f4 a5 20. Bc5 b4 21. Bh5 Ra6 22. Bxf7+ Kd8 23. Bh5 Rxc6 24. Be7+ Kd7 25. Bxf6+ Kd6 26. Be5+ Kc5 27. Rxh7 Kb5 28. Be8 Bb7 29. Bxc6+ Bxc6 30. Rxc7 Bd5 31. h4 a4 32. b3 axb3 33. axb3 Be4 34. h5 Bf5 35. h6 Kb6 36. h7 Bxh7 37. Rxh7 Kc6 38. Rc7+ Kd5 39. c3 bxc3 40. Rxc3 Ke4 41. Rc4+ Kd5 42. Bc7 e5 43. fxe5 Ke6 44. b4 Kd5 45. Rc1 Ke6 46. b5 Kd7 47. b6 Kc8 48. Bd6+ Kb7 49. e6 Kxb6 50. e7 Kb7 51. e8=R Kb6 52. Rb8+ Ka7 53. Ra1# 1-0

[Event "CYCC U12 w"]
[Site "Quebec CAN"]
[Date "2008.07.15"]
[Round "4"]
[White "Ding, Jill"]
[Black "Powell, Ashley"]
[Result "1-0"]
[WhiteElo "991"]
[BlackElo "1234"]
[PlyCount "47"]
[GameId "2160767910354132"]
[EventDate "2008.07.14"]
[EventType "swiss"]
[EventRounds "6"]
[EventCountry "CAN"]
[SourceTitle "EXT 2011"]
[Source "ChessBase"]
[SourceDate "2011.11.26"]
[SourceVersion "1"]
[SourceVersionDate "2011.11.26"]
[SourceQuality "1"]

1. e4 e5 2. d4 exd4 3. Nf3 Nc6 4. Bc4 Nf6 5. O-O Bc5 6. c3 Nxe4 7. Re1 d5 8. Bd3 Bf5 9. Nbd2 Qe7 10. Qe2 dxc3 11. Nxe4 Bxe4 12. Bxe4 dxe4 13. Qxe4 cxb2 14. Bxb2 O-O 15. Qg4 Ne5 16. Bxe5 f6 17. Bd4 Qd6 18. Rad1 Rae8 19. Be3 Qb6 20. Bxc5 Rxe1+ 21. Nxe1 Qxc5 22. Rd7 Rf7 23. Rd8+ Rf8 24. Qe6+ 1-0

[Event "CYCC U12 w"]
[Site "Quebec CAN"]
[Date "2008.07.15"]
[Round "4"]
[White "Giblon, Rebecca"]
[Black "Wang, Yan"]
[Result "0-1"]
[WhiteElo "1520"]
[BlackElo "1587"]
[PlyCount "142"]
[GameId "2160767910354133"]
[EventDate "2008.07.14"]
[EventType "swiss"]
[EventRounds "6"]
[EventCountry "CAN"]
[SourceTitle "EXT 2011"]
[Source "ChessBase"]
[SourceDate "2011.11.26"]
[SourceVersion "1"]
[SourceVersionDate "2011.11.26"]
[SourceQuality "1"]

1. e4 c5 2. Nf3 Nc6 3. d4 cxd4 4. Nxd4 g6 5. Bc4 Bg7 6. Nxc6 bxc6 7. O-O Qc7 8. Qf3 Nf6 9. Bf4 d6 10. Nc3 O-O 11. Rfe1 Nd7 12. Qe3 Ne5 13. Bb3 Ba6 14. h3 Kh8 15. Bh6 Bb7 16. Bxg7+ Kxg7 17. h4 h5 18. Qg5 Rae8 19. Rad1 Qb6 20. Qe3 Qa5 21. Qd4 Kh7 22. Qe3 a6 23. Qg5 Qc7 24. Kh1 Ng4 25. Qf4 Kg7 26. Na4 Bc8 27. Kg1 Qb7 28. Nc3 Qa7 29. Nb1 Be6 30. Na3 Bxb3 31. axb3 Qb6 32. Nc4 Qc5 33. Rd2 Kh7 34. e5 d5 35. Ne3 Nh6 36. Qd4 Qa5 37. Nf1 Qc7 38. Qd3 Ng4 39. e6 Qa7 40. Nh2 Nh6 41. Nf3 Ng4 42. Ng5+ Kg7 43. exf7 Rxf7 44. Nxf7 Kxf7 45. Qf3+ Nf6 46. c4 e6 47. cxd5 cxd5 48. Rc2 Kg7 49. Rec1 Re7 50. Qg3 e5 51. Qc3 Qb6 52. Qc5 Qe6 53. Qxe7+ Qxe7 54. Rc7 Nd7 55. Ra7 Kf6 56. Rxa6+ Kf5 57. Rcc6 Nf8 58. Rab6 Ke4 59. b4 Qa7 60. b5 Qa1+ 61. Kh2 Qxb2 62. Kg3 d4 63. Rb8 Qb4 64. b6 Nd7 65. Rb7 Nc5 66. Rbc7 Na6 67. Ra7 Kd5 68. Rxg6 Nc5 69. Rh6 d3 70. Rxh5 d2 71. Ra1 Qc3+ 0-1

[Event "CYCC U12 w"]
[Site "Quebec CAN"]
[Date "2008.07.15"]
[Round "4"]
[White "Hou, Louisa Qianqian"]
[Black "Mongenais, Valerie"]
[Result "1-0"]
[WhiteElo "1331"]
[BlackElo "1282"]
[PlyCount "73"]
[GameId "2160767910354134"]
[EventDate "2008.07.14"]
[EventType "swiss"]
[EventRounds "6"]
[EventCountry "CAN"]

1. d4 Nf6 2. c4 g6 3. Nc3 Bg7 4. e4 d6 5. Nf3 O-O 6. Be2 Bg4 7. Be3 Nbd7 8. h3 Bxf3 9. Bxf3 e5 10. d5 c6 11. Qd2 cxd5 12. cxd5 Re8 13. O-O Nc5 14. b4 Ncd7 15. Bg5 Rc8 16. Nb5 Nb6 17. Qd3 Rc4 18. a3 a6 19. Nc3 Rd4 20. Qc2 h6 21. Be3 Rc4 22. Qd3 Nfd7 23. Na4 Rc8 24. Bd1 Nc4 25. Ra2 Nxe3 26. Qxe3 Nf6 27. Rc2 Qd7 28. Nb6 Qe7 29. Nxc8 Qd7 30. Nb6 Qb5 31. Rc7 Nh5 32. Ba4 Qxf1+ 33. Kxf1 Rd8 34. Qf3 Nf4 35. g3 Nxh3 36. Qxf7+ Kh8 37. Qxg7# 1-0

[Event "CYCC U12 w"]
[Site "Quebec CAN"]
[Date "2008.07.15"]
[Round "4"]
[White "Jodoin, Gabrielle"]
[Black "Sanders, Jasmine"]
[Result "1-0"]
[WhiteElo "1070"]
[BlackElo "1160"]
[PlyCount "141"]
[GameId "2160767910354136"]
[EventDate "2008.07.14"]
[EventType "swiss"]
[EventRounds "6"]
[EventCountry "CAN"]
[SourceTitle "EXT 2011"]
[Source "ChessBase"]
[SourceDate "2011.11.26"]
[SourceVersion "1"]
[SourceVersionDate "2011.11.26"]
[SourceQuality "1"]

1. e4 c5 2. Nf3 Nc6 3. d4 cxd4 4. Nxd4 e5 5. Nxc6 bxc6 6. Nc3 Rb8 7. Be2 Nf6 8. O-O Bb4 9. Bd2 Bc5 10. Re1 Rxb2 11. Na4 Bxf2+ 12. Kxf2 Rb8 13. Kg1 O-O 14. Bc3 Re8 15. Nc5 Qb6 16. Qd6 Ra8 17. Rab1 Qd8 18. Bxe5 Nxe4 19. Nxe4 Qh4 20. Qd3 Rxe5 21. Nd2 Rd5 22. Nf3 Qf6 23. Qe4 g6 24. Red1 Ra5 25. a4 Rc5 26. c4 Ra5 27. Qc2 Bb7 28. Rxb7 Qf5 29. Qxf5 gxf5 30. Rbxd7 Re8 31. Bd3 Rxa4 32. Bxf5 Re2 33. Bd3 Rb2 34. Rc7 a5 35. Rxc6 Rab4 36. Nh4 Kg7 37. Nf5+ Kf8 38. Rc7 Ke8 39. Re1+ Kd8 40. Rxf7 Rd2 41. Ree7 Rd1+ 42. Kf2 Rb2+ 43. Ke3 Re1+ 44. Kf3 Rxe7 45. Rxe7 a4 46. Rxh7 a3 47. Ra7 Rb3 48. Ke4 Kc8 49. Ra4 Kc7 50. h4 Kb6 51. h5 Rb2 52. Rxa3 Rxg2 53. h6 Rh2 54. Ra8 Kb7 55. Rg8 Kc7 56. Rg7+ Kb6 57. h7 Ka5 58. Ne7 Rh4+ 59. Kf5 Rh3 60. Ng6 Kb4 61. h8=Q Rxh8 62. Nxh8 Kc3 63. c5 Kxd3 64. c6 Ke3 65. c7 Kd3 66. c8=R Ke3 67. Rg4 Kd3 68. Rcc4 Kd2 69. Rg3 Kd1 70. Rg2 Ke1 71. Rc1# 1-0

[Event "CYCC U12 w"]
[Site "Quebec CAN"]
[Date "2008.07.15"]
[Round "4"]
[White "Kieu, Audree Anne"]
[Black "Kalaydina, Regina Veronicka"]
[Result "0-1"]
[WhiteElo "1258"]
[BlackElo "1509"]
[PlyCount "66"]
[GameId "2160767910354137"]
[EventDate "2008.07.14"]
[EventType "swiss"]
[EventRounds "6"]
[EventCountry "CAN"]
[SourceTitle "EXT 2011"]
[Source "ChessBase"]
[SourceDate "2011.11.26"]
[SourceVersion "1"]
[SourceVersionDate "2011.11.26"]
[SourceQuality "1"]

1. e4 d5 2. exd5 Qxd5 3. Nc3 Qa5 4. Nf3 Nf6 5. d4 Bf5 6. Be2 e6 7. O-O Be7 8. Bf4 O-O 9. Nb5 Na6 10. c4 c6 11. Nd6 Bxd6 12. Bxd6 Rfd8 13. Be5 Nd7 14. Bf4 c5 15. Qd2 Qb6 16. Rfd1 Nf6 17. Be5 Ng4 18. d5 Nxe5 19. Nxe5 Qd6 20. Qc3 Qe7 21. dxe6 Qxe6 22. Rxd8+ Rxd8 23. Rd1 Re8 24. Rd5 f6 25. f4 fxe5 26. Rxe5 Qd7 27. Rd5 Qf7 28. Qd2 Be4 29. Rd7 Qg6 30. g3 Bc6 31. Rd6 Qe4 32. Bf1 Qh1+ 33. Kf2 Qxh2+ 0-1